| 000 | 01099nam a22003257a 4500 | ||
|---|---|---|---|
| 003 | CHAP | ||
| 005 | 20230822062641.0 | ||
| 008 | 971013c19831975 r 00010 d | ||
| 010 | _a60720 | ||
| 011 | _a61692 | ||
| 035 | _a65860 | ||
| 040 | _cCHAP | ||
| 082 |
_a335.412 _bD6Y |
||
| 100 | 0 | 0 |
_aDobb, Maurice Herbert. _933134 |
| 245 |
_aTeoría del valor y de la distribución desde Adam Smith _b: ideología y teoría económica |
||
| 260 |
_aMéxico, D. F. : _bSiglo XXI, _c1983 (c1975) |
||
| 300 | _a329 p. | ||
| 490 | _aEconomía y demografía | ||
| 590 |
_aBATCH-UPD _b10 _c20130110 _lUCH01 _h1125 |
||
| 590 |
_aBATCH-UPD _b10 _c20130410 _lUCH01 _h0715 |
||
| 590 |
_aBATCH-UPD _b10 _c20130914 _lUCH01 _h1218 |
||
| 590 |
_aCONVERSION _b10 _c20130109 _lUCH01 _h1333 |
||
| 650 | 1 | 4 |
_aValor. _9117667 |
| 700 | 0 |
_aSmith, Adam. _9106946 |
|
| 830 | 0 | 4 |
_aEconomía y demografía (Siglo XXI Editores) _935280 |
| 901 | _aBK | ||
| 942 | _cLIBRO | ||
| 949 |
_a335.412 D6Y _bBC _cLIBRO _d33724000357950 _eLIBRO _h67286 _i65860 _si |
||
| 949 |
_a335.412 D6Y _bBC _cLIBRO _d33724000358065 _eLIBRO _fc.2 _h67287 _i65860 _si |
||
| 999 |
_c60720 _d60720 |
||